I Savoia dalle origini alla fine. (Record no. 3823)

MARC details
000 -LEADER
fixed length control field 00624cam a22002291 4500
001 - CONTROL NUMBER
control field af 47007086
003 - CONTROL NUMBER IDENTIFIER
control field DLC
005 - DATE AND TIME OF LATEST TRANSACTION
control field 20260227110840.0
008 - FIXED-LENGTH DATA ELEMENTS--GENERAL INFORMATION
fixed length control field 870410s1944 it b 000 0 ita c
010 ## - LIBRARY OF CONGRESS CONTROL NUMBER
LC control number af 47007086
035 ## - SYSTEM CONTROL NUMBER
System control number (OCoLC)15514415
040 ## - CATALOGING SOURCE
Original cataloging agency New York. Public Library
Transcribing agency MWelC
Modifying agency DLC
042 ## - AUTHENTICATION CODE
Authentication code premarc
050 00 - LIBRARY OF CONGRESS CALL NUMBER
Classification number DG611.5
Item number .S5
100 1# - MAIN ENTRY--PERSONAL NAME
Personal name Sivieri, Lamberto.
245 02 - TITLE STATEMENT
Title I Savoia dalle origini alla fine.
260 ## - PUBLICATION, DISTRIBUTION, ETC.
Place of publication, distribution, etc. Roma,
Name of publisher, distributor, etc. Libreria politica moderna
Date of publication, distribution, etc. [1944]
300 ## - PHYSICAL DESCRIPTION
Extent 160 p.
Dimensions 21 cm.
504 ## - BIBLIOGRAPHY, ETC. NOTE
Bibliography, etc. note Bibliographical footnotes.
600 30 - SUBJECT ADDED ENTRY--PERSONAL NAME
Personal name Savoy, House of.
651 #0 - SUBJECT ADDED ENTRY--GEOGRAPHIC NAME
Geographic name Italy
General subdivision History.

No items available.

Powered by Koha